|
|
|
|
| LEADER |
00639nta a2200181 i 4500 |
| 001 |
dipl133288 |
| 005 |
20230417104140.0 |
| 008 |
230412s1990 hu om 0|| rus d |
| 040 |
|
|
|a SZTE Diploma Repozitórium
|b hun
|
| 041 |
|
|
|a rus
|
| 100 |
1 |
|
|a Véhman Ilona
|
| 245 |
1 |
0 |
|a «Велимирское» хлебниковедение in statu nascendi
|h [elektronikus dokumentum] /
|c Ilona Véhman
|
| 260 |
|
|
|c 1990
|
| 650 |
|
4 |
|a Bölcsészettudományok
|
| 650 |
|
4 |
|a Humanities
|
| 650 |
|
4 |
|a Languages and Literature
|
| 700 |
1 |
|
|a Bagi Ibolya
|e ths
|
| 856 |
4 |
0 |
|u https://diploma.bibl.u-szeged.hu/id/eprint/133288/1/1990_vehman_ilona.pdf
|z Dokumentum-elérés
|